Normal view
MARC view
- منصور ، حسن فكري
Entry Personal Name
001 - CONTROL NUMBER
- control field: 15148
003 - CONTROL NUMBER IDENTIFIER
- control field: JO-AjAnu
005 - DATE AND TIME OF LATEST TRANSACTION
- control field: 20230606072722.0
008 - FIXED-LENGTH DATA ELEMENTS
- fixed length control field: 230606|| aca||aabn | a|a d
040 ## - CATALOGING SOURCE
- Original cataloging agency: JO-AjAnu
- Transcribing agency: JO-AjAnu
100 ## - HEADING--PERSONAL NAME
- Personal name: منصور ، حسن فكري
670 ## - SOURCE DATA FOUND
- Source citation: Work cat.: (JO-AjAnu)7778: منصور ، حسن فكري , author, دليل العائلة في الوقايه من الامراض المعدية